日本の市区町村 - Statistics

General Stats
  • This quiz has been taken 20 times
  • The average score is 157 of 1898
Answer Stats
コード 市区町村 % Correct
13103 港区
58%
13104 新宿区
58%
13108 江東区
58%
13121 足立区
58%
13123 江戸川区
58%
01108 札幌市厚別区
50%
13101 千代田区
50%
13102 中央区
50%
13115 杉並区
50%
13118 荒川区
50%
13120 練馬区
50%
13122 葛飾区
50%
13206 | 34208 府中市
50%
01101 札幌市中央区
42%
01102 札幌市北区
42%
01103 札幌市東区
42%
01104 札幌市白石区
42%
01234 北広島市
42%
13109 品川区
42%
13110 目黒区
42%
13111 大田区
42%
13113 渋谷区
42%
13114 中野区
42%
13117 北区
42%
13119 板橋区
42%
13202 立川市
42%
13207 昭島市
42%
30201 和歌山市
42%
01105 札幌市豊平区
33%
01106 札幌市南区
33%
01107 札幌市西区
33%
01109 札幌市手稲区
33%
01110 札幌市清田区
33%
01202 函館市
33%
01235 石狩市
33%
13105 文京区
33%
13106 台東区
33%
13107 墨田区
33%
13112 世田谷区
33%
13116 豊島区
33%
13204 三鷹市
33%
01203 小樽市
25%
01204 旭川市
25%
01205 室蘭市
25%
01206 釧路市
25%
01207 帯広市
25%
01208 北見市
25%
01209 夕張市
25%
01210 岩見沢市
25%
01211 網走市
25%
01212 留萌市
25%
01213 苫小牧市
25%
01214 稚内市
25%
01215 美唄市
25%
01220 士別市
25%
01221 名寄市
25%
01223 根室市
25%
01224 千歳市
25%
01225 滝川市
25%
01226 砂川市
25%
01227 歌志内市
25%
01228 深川市
25%
01230 登別市
25%
01231 恵庭市
25%
01233 | 07213 伊達市
25%
03201 盛岡市
25%
05215 仙北市
25%
06201 山形市
25%
08220 つくば市
25%
11103 さいたま市大宮区
25%
11206 行田市
25%
11224 戸田市
25%
11227 朝霞市
25%
11228 志木市
25%
11235 富士見市
25%
11237 三郷市
25%
11245 ふじみ野市
25%
13201 八王子市
25%
13203 武蔵野市
25%
13208 調布市
25%
13213 東村山市
25%
13214 国分寺市
25%
13223 武蔵村山市
25%
13224 多摩市
25%
15208 小千谷市
25%
15210 十日町市
25%
16201 富山市
25%
16205 氷見市
25%
17201 金沢市
25%
17203 小松市
25%
17204 輪島市
25%
17205 珠洲市
25%
21201 岐阜市
25%
22205 熱海市
25%
29201 奈良市
25%
29204 天理市
25%
30208 紀の川市
25%
31201 鳥取市
25%
33202 倉敷市
25%
34212 東広島市
25%
37201 高松市
25%
38201 松山市
25%
01217 江別市
17%
01218 赤平市
17%
01219 紋別市
17%
01222 三笠市
17%
01229 富良野市
17%
01236 北斗市
17%
02201 青森市
17%
02202 弘前市
17%
02204 黒石市
17%
02207 三沢市
17%
02208 むつ市
17%
02210 平川市
17%
03214 八幡平市
17%
03216 滝沢市
17%
03303 岩手郡岩手町
17%
04205 気仙沼市
17%
04206 白石市
17%
04208 角田市
17%
05201 秋田市
17%
05203 横手市
17%
05207 湯沢市
17%
05210 由利本荘市
17%
05212 大仙市
17%
05213 北秋田市
17%
06202 米沢市
17%
06203 鶴岡市
17%
06204 酒田市
17%
06205 新庄市
17%
06206 寒河江市
17%
06207 上山市
17%
06208 村山市
17%
06209 長井市
17%
06210 天童市
17%
06211 東根市
17%
06212 尾花沢市
17%
06213 南陽市
17%
07201 福島市
17%
07202 会津若松市
17%
07204 いわき市
17%
07212 南相馬市
17%
08201 水戸市
17%
08202 日立市
17%
08204 古河市
17%
08212 常陸太田市
17%
08214 高萩市
17%
08215 北茨城市
17%
08221 ひたちなか市
17%
08224 守谷市
17%
08225 常陸大宮市
17%
08226 那珂市
17%
08229 稲敷市
17%
08231 桜川市
17%
08232 神栖市
17%
08235 つくばみらい市
17%
09201 宇都宮市
17%
09202 足利市
17%
09208 小山市
17%
10205 太田市
17%
10208 渋川市
17%
10210 富岡市
17%
11101 さいたま市西区
17%
11102 さいたま市北区
17%
11104 さいたま市見沼区
17%
11105 さいたま市中央区
17%
11107 さいたま市浦和区
17%
11108 さいたま市南区
17%
11109 さいたま市緑区
17%
11110 さいたま市岩槻区
17%
11201 川越市
17%
11203 川口市
17%
11207 秩父市
17%
11208 所沢市
17%
11209 飯能市
17%
11210 加須市
17%
11211 本庄市
17%
11212 東松山市
17%
11214 春日部市
17%
11215 狭山市
17%
11216 羽生市
17%
11217 鴻巣市
17%
11218 深谷市
17%
11219 上尾市
17%
11221 草加市
17%
11222 越谷市
17%
11223 蕨市
17%
11225 入間市
17%
11229 和光市
17%
11230 新座市
17%
11231 桶川市
17%
11232 久喜市
17%
11233 北本市
17%
11234 八潮市
17%
11238 蓮田市
17%
11239 坂戸市
17%
11240 幸手市
17%
11242 日高市
17%
11243 吉川市
17%
11246 白岡市
17%
11442 南埼玉郡宮代町
17%
11464 北葛飾郡杉戸町
17%
11465 北葛飾郡松伏町
17%
12101 千葉市中央区
17%
12102 千葉市花見川区
17%
12103 千葉市稲毛区
17%
12202 銚子市
17%
12203 市川市
17%
12208 野田市
17%
12211 成田市
17%
12215 旭市
17%
12219 市原市
17%
12225 君津市
17%
12226 富津市
17%
12236 香取市
17%
13205 青梅市
17%
13209 町田市
17%
13210 小金井市
17%
13212 日野市
17%
13215 国立市
17%
13218 福生市
17%
13219 狛江市
17%
13220 東大和市
17%
13221 清瀬市
17%
13222 東久留米市
17%
13225 稲城市
17%
13227 羽村市
17%
13229 西東京市
17%
13361 大島町
17%
13421 小笠原村
17%
14101 横浜市鶴見区
17%
14102 横浜市神奈川区
17%
14103 横浜市西区
17%
14105 横浜市南区
17%
14106 横浜市保土ケ谷区
17%
14107 横浜市磯子区
17%
14108 横浜市金沢区
17%
14109 横浜市港北区
17%
14110 横浜市戸塚区
17%
14111 横浜市港南区
17%
14112 横浜市旭区
17%
14113 横浜市緑区
17%
14118 横浜市都筑区
17%
14131 川崎市川崎区
17%
14132 川崎市幸区
17%
14133 川崎市中原区
17%
14135 川崎市多摩区
17%
14136 川崎市宮前区
17%
14137 川崎市麻生区
17%
14151 相模原市緑区
17%
14152 相模原市中央区
17%
14153 相模原市南区
17%
14201 横須賀市
17%
14207 茅ヶ崎市
17%
14218 綾瀬市
17%
15101 新潟市北区
17%
15102 新潟市東区
17%
15103 新潟市中央区
17%
15104 新潟市江南区
17%
15105 新潟市秋葉区
17%
15106 新潟市南区
17%
15107 新潟市西区
17%
15108 新潟市西蒲区
17%
15202 長岡市
17%
15204 三条市
17%
15205 柏崎市
17%
15206 新発田市
17%
15209 加茂市
17%
15211 見附市
17%
15212 村上市
17%
15213 燕市
17%
15216 糸魚川市
17%
15217 妙高市
17%
15222 上越市
17%
15223 阿賀野市
17%
15224 佐渡市
17%
15225 魚沼市
17%
15226 南魚沼市
17%
15227 胎内市
17%
16204 魚津市
17%
16206 滑川市
17%
16207 黒部市
17%
16208 砺波市
17%
16209 小矢部市
17%
16210 南砺市
17%
16211 射水市
17%
17202 七尾市
17%
17206 加賀市
17%
17207 羽咋市
17%
17209 かほく市
17%
17210 白山市
17%
17211 能美市
17%
17212 野々市市
17%
18204 小浜市
17%
18205 大野市
17%
19201 甲府市
17%
19202 富士吉田市
17%
19205 山梨市
17%
19210 甲斐市
17%
19213 甲州市
17%
20201 長野市
17%
20202 松本市
17%
20206 諏訪市
17%
20209 伊那市
17%
21202 大垣市
17%
21203 高山市
17%
21205 関市
17%
21207 美濃市
17%
21210 恵那市
17%
21211 美濃加茂市
17%
21213 各務原市
17%
21215 山県市
17%
21217 飛騨市
17%
21219 郡上市
17%
21220 下呂市
17%
22101 静岡市葵区
17%
22102 静岡市駿河区
17%
22103 静岡市清水区
17%
22138 浜松市中央区
17%
22139 浜松市浜名区
17%
22140 浜松市天竜区
17%
22206 三島市
17%
22207 富士宮市
17%
22210 富士市
17%
23101 名古屋市千種区
17%
23105 名古屋市中村区
17%
23106 名古屋市中区
17%
23107 名古屋市昭和区
17%
23113 名古屋市守山区
17%
23204 瀬戸市
17%
23209 碧南市
17%
23211 豊田市
17%
23213 西尾市
17%
23214 蒲郡市
17%
23219 小牧市
17%
23220 稲沢市
17%
23231 田原市
17%
23236 みよし市
17%
24210 亀山市
17%
25207 守山市
17%
25209 甲賀市
17%
26101 京都市北区
17%
26102 京都市上京区
17%
26103 京都市左京区
17%
26104 京都市中京区
17%
26105 京都市東山区
17%
26106 京都市下京区
17%
26108 京都市右京区
17%
26109 京都市伏見区
17%
26110 京都市山科区
17%
26111 京都市西京区
17%
26206 亀岡市
17%
26208 向日市
17%
26209 長岡京市
17%
26210 八幡市
17%
27205 吹田市
17%
27209 守口市
17%
28101 神戸市東灘区
17%
28102 神戸市灘区
17%
28105 神戸市兵庫区
17%
28106 神戸市長田区
17%
28110 神戸市中央区
17%
28206 芦屋市
17%
28207 伊丹市
17%
28209 豊岡市
17%
28215 三木市
17%
28217 川西市
17%
29202 大和高田市
17%
29203 大和郡山市
17%
29205 橿原市
17%
29206 桜井市
17%
29207 五條市
17%
29208 御所市
17%
29209 生駒市
17%
29210 香芝市
17%
29211 葛城市
17%
29212 宇陀市
17%
29342 生駒郡平群町
17%
29343 生駒郡三郷町
17%
29344 生駒郡斑鳩町
17%
29345 生駒郡安堵町
17%
30202 海南市
17%
30203 橋本市
17%
30204 有田市
17%
30205 御坊市
17%
30206 田辺市
17%
30207 新宮市
17%
30209 岩出市
17%
31202 米子市
17%
31203 倉吉市
17%
32201 松江市
17%
32202 浜田市
17%
32205 大田市
17%
32207 江津市
17%
33102 岡山市中区
17%
33203 津山市
17%
33210 新見市
17%
33212 瀬戸内市
17%
33214 真庭市
17%
34101 広島市中区
17%
34102 広島市東区
17%
34103 広島市南区
17%
34104 広島市西区
17%
34105 広島市安佐南区
17%
34106 広島市安佐北区
17%
34107 広島市安芸区
17%
34108 広島市佐伯区
17%
34202 呉市
17%
34209 三次市
17%
34210 庄原市
17%
34211 大竹市
17%
35201 下関市
17%
35202 宇部市
17%
35203 山口市
17%
35204 萩市
17%
35206 防府市
17%
35208 岩国市
17%
35210 光市
17%
35211 長門市
17%
35212 柳井市
17%
35213 美祢市
17%
35215 周南市
17%
36201 徳島市
17%
36202 鳴門市
17%
36203 小松島市
17%
36204 阿南市
17%
36207 美馬市
17%
36208 三好市
17%
38204 八幡浜市
17%
38210 伊予市
17%
39201 高知市
17%
39205 土佐市
17%
39210 四万十市
17%
40101 北九州市門司区
17%
40103 北九州市若松区
17%
40105 北九州市戸畑区
17%
40106 北九州市小倉北区
17%
40107 北九州市小倉南区
17%
40108 北九州市八幡東区
17%
40109 北九州市八幡西区
17%
40131 福岡市東区
17%
40132 福岡市博多区
17%
40134 福岡市南区
17%
40135 福岡市西区
17%
40137 福岡市早良区
17%
40203 久留米市
17%
40207 柳川市
17%
40210 八女市
17%
40211 筑後市
17%
40212 大川市
17%
40213 行橋市
17%
40219 大野城市
17%
40223 古賀市
17%
40228 朝倉市
17%
41203 鳥栖市
17%
41210 神埼市
17%
42202 佐世保市
17%
42203 島原市
17%
42209 対馬市
17%
42210 壱岐市
17%
42213 雲仙市
17%
42214 南島原市
17%
43205 水俣市
17%
43206 玉名市
17%
43215 天草市
17%
44201 大分市
17%
44202 別府市
17%
44204 日田市
17%
44205 佐伯市
17%
45201 宮崎市
17%
45204 日南市
17%
45206 日向市
17%
45209 えびの市
17%
46214 垂水市
17%
46221 志布志市
17%
01216 芦別市
8%
01392 寿都郡寿都町
8%
01393 寿都郡黒松内町
8%
01394 磯谷郡蘭越町
8%
01395 虻田郡ニセコ町
8%
01400 虻田郡倶知安町
8%
01401 岩内郡共和町
8%
01402 岩内郡岩内町
8%
01403 古宇郡泊村
8%
01404 古宇郡神恵内村
8%
01405 積丹郡積丹町
8%
01406 古平郡古平町
8%
01407 余市郡仁木町
8%
01408 余市郡余市町
8%
01409 余市郡赤井川村
8%
01423 空知郡南幌町
8%
01424 空知郡奈井江町
8%
01425 空知郡上砂川町
8%
01452 上川郡鷹栖町
8%
01453 上川郡東神楽町
8%
01454 上川郡当麻町
8%
01455 上川郡比布町
8%
01457 上川郡上川町
8%
01458 上川郡東川町
8%
01459 上川郡美瑛町
8%
01460 空知郡上富良野町
8%
01461 空知郡中富良野町
8%
01462 空知郡南富良野町
8%
01463 勇払郡占冠村
8%
01464 上川郡和寒町
8%
01465 上川郡剣淵町
8%
01468 上川郡下川町
8%
01469 中川郡美深町
8%
01470 中川郡音威子府村
8%
01471 中川郡中川町
8%
01481 増毛郡増毛町
8%
01482 留萌郡小平町
8%
01483 苫前郡苫前町
8%
01484 苫前郡羽幌町
8%
01485 苫前郡初山別村
8%
01486 天塩郡遠別町
8%
01487 天塩郡天塩町
8%
01511 宗谷郡猿払村
8%
01516 天塩郡豊富町
8%
01520 天塩郡幌延町
8%
01555 紋別郡遠軽町
8%
01578 白老郡白老町
8%
01581 勇払郡厚真町
8%
01584 虻田郡洞爺湖町
8%
01585 勇払郡安平町
8%
01586 勇払郡むかわ町
8%
01649 十勝郡浦幌町
8%
01664 川上郡標茶町
8%
01665 川上郡弟子屈町
8%
01667 阿寒郡鶴居村
8%
02203 八戸市
8%
02205 五所川原市
8%
02206 十和田市
8%
02209 つがる市
8%
02445 三戸郡南部町
8%
03202 宮古市
8%
03203 大船渡市
8%
03205 花巻市
8%
03206 北上市
8%
03207 久慈市
8%
03208 遠野市
8%
03209 一関市
8%
03210 陸前高田市
8%
03211 釜石市
8%
03213 二戸市
8%
03215 奥州市
8%
03301 岩手郡雫石町
8%
03302 岩手郡葛巻町
8%
03402 西磐井郡平泉町
8%
04101 仙台市青葉区
8%
04102 仙台市宮城野区
8%
04103 仙台市若林区
8%
04104 仙台市太白区
8%
04105 仙台市泉区
8%
04202 石巻市
8%
04203 塩竈市
8%
04207 名取市
8%
04209 多賀城市
8%
04211 岩沼市
8%
04212 登米市
8%
04213 栗原市
8%
04214 東松島市
8%
04215 大崎市
8%
04216 富谷市
8%
04421 黒川郡大和町
8%
04422 黒川郡大郷町
8%
04424 黒川郡大衡村
8%
04501 遠田郡涌谷町
8%
04505 遠田郡美里町
8%
05202 能代市
8%
05204 大館市
8%
05206 男鹿市
8%
05209 鹿角市
8%
05211 潟上市
8%
05214 にかほ市
8%
05434 仙北郡美郷町
8%
05463 雄勝郡羽後町
8%
05464 雄勝郡東成瀬村
8%
06341 北村山郡大石田町
8%
06361 最上郡金山町
8%
06362 最上郡最上町
8%
06364 最上郡真室川町
8%
06461 飽海郡遊佐町
8%
07203 郡山市
8%
07205 白河市
8%
07207 須賀川市
8%
07208 喜多方市
8%
07209 相馬市
8%
07210 二本松市
8%
07211 田村市
8%
07214 本宮市
8%
07362 南会津郡下郷町
8%
07368 南会津郡南会津町
8%
07402 耶麻郡北塩原村
8%
07405 耶麻郡西会津町
8%
07407 耶麻郡磐梯町
8%
07408 耶麻郡猪苗代町
8%
07421 河沼郡会津坂下町
8%
07447 大沼郡会津美里町
8%
07461 西白河郡西郷村
8%
07464 西白河郡泉崎村
8%
07501 石川郡石川町
8%
07542 双葉郡楢葉町
8%
07543 双葉郡富岡町
8%
07546 双葉郡双葉町
8%
07561 相馬郡新地町
8%
08203 土浦市
8%
08205 石岡市
8%
08207 結城市
8%
08208 龍ケ崎市
8%
08210 下妻市
8%
08211 常総市
8%
08217 取手市
8%
08219 牛久市
8%
08222 鹿嶋市
8%
08223 潮来市
8%
08227 筑西市
8%
08228 坂東市
8%
08230 かすみがうら市
8%
08233 行方市
8%
08234 鉾田市
8%
08236 小美玉市
8%
08302 東茨城郡茨城町
8%
08309 東茨城郡大洗町
8%
08310 東茨城郡城里町
8%
08341 那珂郡東海村
8%
09203 栃木市
8%
09204 佐野市
8%
09205 鹿沼市
8%
09206 日光市
8%
09209 真岡市
8%
09211 矢板市
8%
09213 那須塩原市
8%
09214 さくら市
8%
09215 那須烏山市
8%
09216 下野市
8%
10201 前橋市
8%
10202 高崎市
8%
10203 桐生市
8%
10204 伊勢崎市
8%
10206 沼田市
8%
10207 館林市
8%
10209 藤岡市
8%
10211 安中市
8%
10212 みどり市
8%
10428 吾妻郡高山村
8%
10443 利根郡片品村
8%
10444 利根郡川場村
8%
10448 利根郡昭和村
8%
11106 さいたま市桜区
8%
11202 熊谷市
8%
11241 鶴ヶ島市
8%
11301 北足立郡伊奈町
8%
11324 入間郡三芳町
8%
11326 入間郡毛呂山町
8%
11327 入間郡越生町
8%
11341 比企郡滑川町
8%
11342 比企郡嵐山町
8%
11343 比企郡小川町
8%
11346 比企郡川島町
8%
11347 比企郡吉見町
8%
11348 比企郡鳩山町
8%
11349 比企郡ときがわ町
8%
11361 秩父郡横瀬町
8%
11362 秩父郡皆野町
8%
11363 秩父郡長瀞町
8%
11365 秩父郡小鹿野町
8%
11369 秩父郡東秩父村
8%
11381 児玉郡美里町
8%
12104 千葉市若葉区
8%
12105 千葉市緑区
8%
12106 千葉市美浜区
8%
12204 船橋市
8%
12205 館山市
8%
12206 木更津市
8%
12207 松戸市
8%
12210 茂原市
8%
12212 佐倉市
8%
12216 習志野市
8%
12217 柏市
8%
12220 流山市
8%
12221 八千代市
8%
12222 我孫子市
8%
12224 鎌ケ谷市
8%
12227 浦安市
8%
12228 四街道市
8%
12230 八街市
8%
12231 印西市
8%
12232 白井市
8%
12233 富里市
8%
12234 南房総市
8%
12235 匝瑳市
8%
12237 山武市
8%
12238 いすみ市
8%
13211 小平市
8%
13228 あきる野市
8%
13307 西多摩郡檜原村
8%
13362 利島村
8%
13363 新島村
8%
13364 神津島村
8%
13381 三宅村
8%
13382 御蔵島村
8%
13401 八丈町
8%
13402 青ヶ島村
8%
14104 横浜市中区
8%
14114 横浜市瀬谷区
8%
14115 横浜市栄区
8%
14116 横浜市泉区
8%
14117 横浜市青葉区
8%
14134 川崎市高津区
8%
14203 平塚市
8%
14204 鎌倉市
8%
14205 藤沢市
8%
14206 小田原市
8%
14208 逗子市
8%
14210 三浦市
8%
14211 秦野市
8%
14212 厚木市
8%
14213 大和市
8%
14214 伊勢原市
8%
14215 海老名市
8%
14216 座間市
8%
14217 南足柄市
8%
14361 足柄上郡中井町
8%
14362 足柄上郡大井町
8%
14363 足柄上郡松田町
8%
14364 足柄上郡山北町
8%
14366 足柄上郡開成町
8%
14382 足柄下郡箱根町
8%
14383 足柄下郡真鶴町
8%
14384 足柄下郡湯河原町
8%
15218 五泉市
8%
15307 北蒲原郡聖籠町
8%
15342 西蒲原郡弥彦村
8%
15361 南蒲原郡田上町
8%
15385 東蒲原郡阿賀町
8%
15405 三島郡出雲崎町
8%
15461 南魚沼郡湯沢町
8%
15482 中魚沼郡津南町
8%
15504 刈羽郡刈羽村
8%
15581 岩船郡関川村
8%
15586 岩船郡粟島浦村
8%
16202 高岡市
8%
16322 中新川郡上市町
8%
16323 中新川郡立山町
8%
16342 下新川郡入善町
8%
16343 下新川郡朝日町
8%
17324 能美郡川北町
8%
17361 河北郡津幡町
8%
17365 河北郡内灘町
8%
17407 鹿島郡中能登町
8%
17461 鳳珠郡穴水町
8%
17463 鳳珠郡能登町
8%
18201 福井市
8%
18202 敦賀市
8%
18206 勝山市
8%
18207 鯖江市
8%
18208 あわら市
8%
18209 越前市
8%
18210 坂井市
8%
18501 三方上中郡若狭町
8%
19204 都留市
8%
19206 大月市
8%
19207 韮崎市
8%
19208 南アルプス市
8%
19209 北杜市
8%
19211 笛吹市
8%
19212 上野原市
8%
19214 中央市
8%
20203 上田市
8%
20204 岡谷市
8%
20205 飯田市
8%
20207 須坂市
8%
20208 小諸市
8%
20211 中野市
8%
20212 大町市
8%
20213 飯山市
8%
20214 茅野市
8%
20215 塩尻市
8%
20217 佐久市
8%
20218 千曲市
8%
20220 安曇野市
8%
20361 諏訪郡下諏訪町
8%
20362 諏訪郡富士見町
8%
20363 諏訪郡原村
8%
20383 上伊那郡箕輪町
8%
20384 上伊那郡飯島町
8%
20385 上伊那郡南箕輪村
8%
20388 上伊那郡宮田村
8%
20404 下伊那郡阿南町
8%
20409 下伊那郡平谷村
8%
20410 下伊那郡根羽村
8%
20411 下伊那郡下條村
8%
20414 下伊那郡泰阜村
8%
20422 木曽郡上松町
8%
20423 木曽郡南木曽町
8%
20432 木曽郡木曽町
8%
20583 上水内郡信濃町
8%
20602 下水内郡栄村
8%
21204 多治見市
8%
21206 中津川市
8%
21208 瑞浪市
8%
21209 羽島市
8%
21212 土岐市
8%
21214 可児市
8%
21216 瑞穂市
8%
21221 海津市
8%
21361 不破郡垂井町
8%
21362 不破郡関ケ原町
8%
22203 沼津市
8%
22208 伊東市
8%
22209 島田市
8%
22211 磐田市
8%
22212 焼津市
8%
22213 掛川市
8%
22214 藤枝市
8%
22215 御殿場市
8%
22219 下田市
8%
22220 裾野市
8%
22221 湖西市
8%
22222 伊豆市
8%
22223 御前崎市
8%
22225 伊豆の国市
8%
22226 牧之原市
8%
22325 田方郡函南町
8%
23102 名古屋市東区
8%
23103 名古屋市北区
8%
23104 名古屋市西区
8%
23108 名古屋市瑞穂区
8%
23109 名古屋市熱田区
8%
23110 名古屋市中川区
8%
23111 名古屋市港区
8%
23112 名古屋市南区
8%
23114 名古屋市緑区
8%
23115 名古屋市名東区
8%
23201 豊橋市
8%
23202 岡崎市
8%
23203 一宮市
8%
23205 半田市
8%
23206 春日井市
8%
23207 豊川市
8%
23208 津島市
8%
23210 刈谷市
8%
23212 安城市
8%
23215 犬山市
8%
23216 常滑市
8%
23217 江南市
8%
23221 新城市
8%
23222 東海市
8%
23223 大府市
8%
23224 知多市
8%
23225 知立市
8%
23226 尾張旭市
8%
23227 高浜市
8%
23228 岩倉市
8%
23229 豊明市
8%
23230 日進市
8%
23232 愛西市
8%
23233 清須市
8%
23234 北名古屋市
8%
23235 弥富市
8%
23237 あま市
8%
23238 長久手市
8%
23561 北設楽郡設楽町
8%
23562 北設楽郡東栄町
8%
23563 北設楽郡豊根村
8%
24201 津市
8%
24202 四日市市
8%
24203 伊勢市
8%
24204 松阪市
8%
24205 桑名市
8%
24207 鈴鹿市
8%
24208 名張市
8%
24209 尾鷲市
8%
24211 鳥羽市
8%
24212 熊野市
8%
24214 いなべ市
8%
24215 志摩市
8%
24216 伊賀市
8%
25201 大津市
8%
25202 彦根市
8%
25203 長浜市
8%
25204 近江八幡市
8%
25206 草津市
8%
25208 栗東市
8%
25210 野洲市
8%
25211 湖南市
8%
25212 高島市
8%
25213 東近江市
8%
25214 米原市
8%
25441 犬上郡豊郷町
8%
25442 犬上郡甲良町
8%
25443 犬上郡多賀町
8%
26107 京都市南区
8%
26201 福知山市
8%
26202 舞鶴市
8%
26203 綾部市
8%
26204 宇治市
8%
26205 宮津市
8%
26207 城陽市
8%
26211 京田辺市
8%
26212 京丹後市
8%
26213 南丹市
8%
26214 木津川市
8%
26366 相楽郡精華町
8%
26463 与謝郡伊根町
8%
26465 与謝郡与謝野町
8%
27102 大阪市都島区
8%
27103 大阪市福島区
8%
27104 大阪市此花区
8%
27106 大阪市西区
8%
27107 大阪市港区
8%
27108 大阪市大正区
8%
27109 大阪市天王寺区
8%
27111 大阪市浪速区
8%
27113 大阪市西淀川区
8%
27114 大阪市東淀川区
8%
27115 大阪市東成区
8%
27116 大阪市生野区
8%
27117 大阪市旭区
8%
27118 大阪市城東区
8%
27119 大阪市阿倍野区
8%
27120 大阪市住吉区
8%
27121 大阪市東住吉区
8%
27122 大阪市西成区
8%
27123 大阪市淀川区
8%
27124 大阪市鶴見区
8%
27125 大阪市住之江区
8%
27126 大阪市平野区
8%
27127 大阪市北区
8%
27128 大阪市中央区
8%
27141 堺市堺区
8%
27142 堺市中区
8%
27143 堺市東区
8%
27144 堺市西区
8%
27145 堺市南区
8%
27146 堺市北区
8%
27147 堺市美原区
8%
27202 岸和田市
8%
27203 豊中市
8%
27204 池田市
8%
27206 泉大津市
8%
27207 高槻市
8%
27208 貝塚市
8%
27210 枚方市
8%
27211 茨木市
8%
27212 八尾市
8%
27213 泉佐野市
8%
27214 富田林市
8%
27215 寝屋川市
8%
27216 河内長野市
8%
27217 松原市
8%
27218 大東市
8%
27219 和泉市
8%
27220 箕面市
8%
27221 柏原市
8%
27222 羽曳野市
8%
27223 門真市
8%
27224 摂津市
8%
27225 高石市
8%
27226 藤井寺市
8%
27227 東大阪市
8%
27228 泉南市
8%
27229 四條畷市
8%
27230 交野市
8%
27231 大阪狭山市
8%
27232 阪南市
8%
27381 南河内郡太子町
8%
27382 南河内郡河南町
8%
27383 南河内郡千早赤阪村
8%
28107 神戸市須磨区
8%
28108 神戸市垂水区
8%
28109 神戸市北区
8%
28111 神戸市西区
8%
28201 姫路市
8%
28202 尼崎市
8%
28203 明石市
8%
28204 西宮市
8%
28205 洲本市
8%
28208 相生市
8%
28210 加古川市
8%
28212 赤穂市
8%
28213 西脇市
8%
28214 宝塚市
8%
28216 高砂市
8%
28218 小野市
8%
28219 三田市
8%
28220 加西市
8%
28221 丹波篠山市
8%
28222 養父市
8%
28223 丹波市
8%
28224 南あわじ市
8%
28225 朝来市
8%
28226 淡路市
8%
28227 宍粟市
8%
28228 加東市
8%
28229 たつの市
8%
29322 山辺郡山添村
8%
29361 磯城郡川西町
8%
29362 磯城郡三宅町
8%
29363 磯城郡田原本町
8%
29385 宇陀郡曽爾村
8%
29386 宇陀郡御杖村
8%
29401 高市郡高取町
8%
29402 高市郡明日香村
8%
29424 北葛城郡上牧町
8%
29425 北葛城郡王寺町
8%
29426 北葛城郡広陵町
8%
29427 北葛城郡河合町
8%
29441 吉野郡吉野町
8%
29442 吉野郡大淀町
8%
29443 吉野郡下市町
8%
29444 吉野郡黒滝村
8%
29446 吉野郡天川村
8%
29447 吉野郡野迫川村
8%
29449 吉野郡十津川村
8%
29450 吉野郡下北山村
8%
29451 吉野郡上北山村
8%
29452 吉野郡川上村
8%
29453 吉野郡東吉野村
8%
30401 西牟婁郡白浜町
8%
30406 西牟婁郡すさみ町
8%
30427 東牟婁郡北山村
8%
30428 東牟婁郡串本町
8%
31204 境港市
8%
31302 岩美郡岩美町
8%
31364 東伯郡三朝町
8%
31370 東伯郡湯梨浜町
8%
31371 東伯郡琴浦町
8%
31372 東伯郡北栄町
8%
31384 西伯郡日吉津村
8%
31386 西伯郡大山町
8%
31389 西伯郡南部町
8%
31390 西伯郡伯耆町
8%
31402 日野郡日野町
8%
31403 日野郡江府町
8%
32203 出雲市
8%
32204 益田市
8%
32206 安来市
8%
32209 雲南市
8%
32343 仁多郡奥出雲町
8%
32501 鹿足郡津和野町
8%
32505 鹿足郡吉賀町
8%
33101 岡山市北区
8%
33103 岡山市東区
8%
33104 岡山市南区
8%
33207 井原市
8%
33208 総社市
8%
33209 高梁市
8%
33211 備前市
8%
33213 赤磐市
8%
33215 美作市
8%
33216 浅口市
8%
33586 真庭郡新庄村
8%
33681 加賀郡吉備中央町
8%
34203 竹原市
8%
34204 三原市
8%
34205 尾道市
8%
34207 福山市
8%
34213 廿日市市
8%
34214 安芸高田市
8%
34215 江田島市
8%
34369 山県郡北広島町
8%
35207 下松市
8%
35216 山陽小野田市
8%
35305 大島郡周防大島町
8%
35502 阿武郡阿武町
8%
36205 吉野川市
8%
36206 阿波市
8%
36321 名東郡佐那河内村
8%
36368 那賀郡那賀町
8%
36468 美馬郡つるぎ町
8%
36489 三好郡東みよし町
8%
37202 丸亀市
8%
37203 坂出市
8%
37204 善通寺市
8%
37205 観音寺市
8%
37206 さぬき市
8%
37207 東かがわ市
8%
37208 三豊市
8%
37387 綾歌郡綾川町
8%
38202 今治市
8%
38203 宇和島市
8%
38205 新居浜市
8%
38206 西条市
8%
38207 大洲市
8%
38213 四国中央市
8%
38214 西予市
8%
39202 室戸市
8%
39203 安芸市
8%
39204 南国市
8%
39206 須崎市
8%
39208 宿毛市
8%
39209 土佐清水市
8%
39211 香南市
8%
39212 香美市
8%
39301 安芸郡東洋町
8%
39302 安芸郡奈半利町
8%
39303 安芸郡田野町
8%
39304 安芸郡安田町
8%
39305 安芸郡北川村
8%
39306 安芸郡馬路村
8%
39341 長岡郡本山町
8%
39344 長岡郡大豊町
8%
40133 福岡市中央区
8%
40136 福岡市城南区
8%
40202 大牟田市
8%
40204 直方市
8%
40205 飯塚市
8%
40206 田川市
8%
40214 豊前市
8%
40215 中間市
8%
40216 小郡市
8%
40217 筑紫野市
8%
40218 春日市
8%
40220 宗像市
8%
40221 太宰府市
8%
40224 福津市
8%
40225 うきは市
8%
40230 糸島市
8%
40231 那珂川市
8%
40341 糟屋郡宇美町
8%
40342 糟屋郡篠栗町
8%
40343 糟屋郡志免町
8%
40345 糟屋郡新宮町
8%
40349 糟屋郡粕屋町
8%
40381 遠賀郡芦屋町
8%
40382 遠賀郡水巻町
8%
40383 遠賀郡岡垣町
8%
40384 遠賀郡遠賀町
8%
40447 朝倉郡筑前町
8%
40544 八女郡広川町
8%
41201 佐賀市
8%
41202 唐津市
8%
41204 多久市
8%
41205 伊万里市
8%
41206 武雄市
8%
41207 鹿島市
8%
41209 嬉野市
8%
41327 神埼郡吉野ヶ里町
8%
41346 三養基郡みやき町
8%
42201 長崎市
8%
42204 諫早市
8%
42205 大村市
8%
42207 平戸市
8%
42208 松浦市
8%
42211 五島市
8%
42212 西海市
8%
43101 熊本市中央区
8%
43102 熊本市東区
8%
43103 熊本市西区
8%
43104 熊本市南区
8%
43105 熊本市北区
8%
43202 八代市
8%
43203 人吉市
8%
43204 荒尾市
8%
43208 山鹿市
8%
43210 菊池市
8%
43211 宇土市
8%
43212 上天草市
8%
43213 宇城市
8%
43214 阿蘇市
8%
43216 合志市
8%
43514 球磨郡あさぎり町
8%
44203 中津市
8%
44206 臼杵市
8%
44207 津久見市
8%
44208 竹田市
8%
44209 豊後高田市
8%
44210 杵築市
8%
44211 宇佐市
8%
44212 豊後大野市
8%
44214 国東市
8%
45202 都城市
8%
45203 延岡市
8%
45205 小林市
8%
45207 串間市
8%
45208 西都市
8%
46201 鹿児島市
8%
46203 鹿屋市
8%
46204 枕崎市
8%
46206 阿久根市
8%
46208 出水市
8%
46210 指宿市
8%
46213 西之表市
8%
46215 薩摩川内市
8%
46216 日置市
8%
46217 曽於市
8%
46218 霧島市
8%
46220 南さつま市
8%
46222 奄美市
8%
46223 南九州市
8%
46224 伊佐市
8%
46225 姶良市
8%
47201 那覇市
8%
47205 宜野湾市
8%
47207 石垣市
8%
47208 浦添市
8%
47209 名護市
8%
47210 糸満市
8%
47211 沖縄市
8%
47212 豊見城市
8%
47213 うるま市
8%
47214 宮古島市
8%
47215 南城市
8%
47348 島尻郡与那原町
8%
47350 島尻郡南風原町
8%
47353 島尻郡渡嘉敷村
8%
47355 島尻郡粟国村
8%
47356 島尻郡渡名喜村
8%
47357 島尻郡南大東村
8%
47358 島尻郡北大東村
8%
47361 島尻郡久米島町
8%
01303 石狩郡当別町
0%
01304 石狩郡新篠津村
0%
01331 松前郡松前町
0%
01332 松前郡福島町
0%
01333 上磯郡知内町
0%
01334 上磯郡木古内町
0%
01337 亀田郡七飯町
0%
01343 茅部郡鹿部町
0%
01345 茅部郡森町
0%
01346 二海郡八雲町
0%
01347 山越郡長万部町
0%
01361 檜山郡江差町
0%
01362 檜山郡上ノ国町
0%
01363 檜山郡厚沢部町
0%
01364 爾志郡乙部町
0%
01367 奥尻郡奥尻町
0%
01370 瀬棚郡今金町
0%
01371 久遠郡せたな町
0%
01391 島牧郡島牧村
0%
01396 虻田郡真狩村
0%
01397 虻田郡留寿都村
0%
01398 虻田郡喜茂別町
0%
01399 虻田郡京極町
0%
01427 夕張郡由仁町
0%
01428 夕張郡長沼町
0%
01429 夕張郡栗山町
0%
01430 樺戸郡月形町
0%
01431 樺戸郡浦臼町
0%
01432 樺戸郡新十津川町
0%
01433 雨竜郡妹背牛町
0%
01434 雨竜郡秩父別町
0%
01436 雨竜郡雨竜町
0%
01437 雨竜郡北竜町
0%
01438 雨竜郡沼田町
0%
01456 上川郡愛別町
0%
01472 雨竜郡幌加内町
0%
01512 枝幸郡浜頓別町
0%
01513 枝幸郡中頓別町
0%
01514 枝幸郡枝幸町
0%
01517 礼文郡礼文町
0%
01518 利尻郡利尻町
0%
01519 利尻郡利尻富士町
0%
01543 網走郡美幌町
0%
01544 網走郡津別町
0%
01545 斜里郡斜里町
0%
01546 斜里郡清里町
0%
01547 斜里郡小清水町
0%
01549 常呂郡訓子府町
0%
01550 常呂郡置戸町
0%
01552 常呂郡佐呂間町
0%
01559 紋別郡湧別町
0%
01560 紋別郡滝上町
0%
01561 紋別郡興部町
0%
01562 紋別郡西興部村
0%
01563 紋別郡雄武町
0%
01564 網走郡大空町
0%
01571 虻田郡豊浦町
0%
01575 有珠郡壮瞥町
0%
01601 沙流郡日高町
0%
01602 沙流郡平取町
0%
01604 新冠郡新冠町
0%
01607 浦河郡浦河町
0%
01608 様似郡様似町
0%
01609 幌泉郡えりも町
0%
01610 日高郡新ひだか町
0%
01631 河東郡音更町
0%
01632 河東郡士幌町
0%
01633 河東郡上士幌町
0%
01634 河東郡鹿追町
0%
01635 上川郡新得町
0%
01636 上川郡清水町
0%
01637 河西郡芽室町
0%
01638 河西郡中札内村
0%
01639 河西郡更別村
0%
01641 広尾郡大樹町
0%
01642 広尾郡広尾町
0%
01643 中川郡幕別町
0%
01644 中川郡池田町
0%
01645 中川郡豊頃町
0%
01646 中川郡本別町
0%
01647 足寄郡足寄町
0%
01648 足寄郡陸別町
0%
01661 釧路郡釧路町
0%
01662 厚岸郡厚岸町
0%
01663 厚岸郡浜中町
0%
01668 白糠郡白糠町
0%
01691 野付郡別海町
0%
01692 標津郡中標津町
0%
01693 標津郡標津町
0%
01694 目梨郡羅臼町
0%
01695 色丹郡色丹村
0%
01696 国後郡泊村
0%
01697 国後郡留夜別村
0%
01698 択捉郡留別村
0%
01699 紗那郡紗那村
0%
01700 蘂取郡蘂取村
0%
02301 東津軽郡平内町
0%
02303 東津軽郡今別町
0%
02304 東津軽郡蓬田村
0%
02307 東津軽郡外ヶ浜町
0%
02321 西津軽郡鰺ヶ沢町
0%
02323 西津軽郡深浦町
0%
02343 中津軽郡西目屋村
0%
02361 南津軽郡藤崎町
0%
02362 南津軽郡大鰐町
0%
02367 南津軽郡田舎館村
0%
02381 北津軽郡板柳町
0%
02384 北津軽郡鶴田町
0%
02387 北津軽郡中泊町
0%
02401 上北郡野辺地町
0%
02402 上北郡七戸町
0%
02405 上北郡六戸町
0%
02406 上北郡横浜町
0%
02408 上北郡東北町
0%
02411 上北郡六ヶ所村
0%
02412 上北郡おいらせ町
0%
02423 下北郡大間町
0%
02424 下北郡東通村
0%
02425 下北郡風間浦村
0%
02426 下北郡佐井村
0%
02441 三戸郡三戸町
0%
02442 三戸郡五戸町
0%
02443 三戸郡田子町
0%
02446 三戸郡階上町
0%
02450 三戸郡新郷村
0%
03321 紫波郡紫波町
0%
03322 紫波郡矢巾町
0%
03366 和賀郡西和賀町
0%
03381 胆沢郡金ケ崎町
0%
03441 気仙郡住田町
0%
03461 上閉伊郡大槌町
0%
03482 下閉伊郡山田町
0%
03483 下閉伊郡岩泉町
0%
03484 下閉伊郡田野畑村
0%
03485 下閉伊郡普代村
0%
03501 九戸郡軽米町
0%
03503 九戸郡野田村
0%
03506 九戸郡九戸村
0%
03507 九戸郡洋野町
0%
03524 二戸郡一戸町
0%
04301 刈田郡蔵王町
0%
04302 刈田郡七ヶ宿町
0%
04321 柴田郡大河原町
0%
04322 柴田郡村田町
0%
04323 柴田郡柴田町
0%
04324 柴田郡川崎町
0%
04341 伊具郡丸森町
0%
04361 亘理郡亘理町
0%
04362 亘理郡山元町
0%
04401 宮城郡松島町
0%
04404 宮城郡七ヶ浜町
0%
04406 宮城郡利府町
0%
04444 加美郡色麻町
0%
04445 加美郡加美町
0%
04581 牡鹿郡女川町
0%
04606 本吉郡南三陸町
0%
05303 鹿角郡小坂町
0%
05327 北秋田郡上小阿仁村
0%
05346 山本郡藤里町
0%
05348 山本郡三種町
0%
05349 山本郡八峰町
0%
05361 南秋田郡五城目町
0%
05363 南秋田郡八郎潟町
0%
05366 南秋田郡井川町
0%
05368 南秋田郡大潟村
0%
06301 東村山郡山辺町
0%
06302 東村山郡中山町
0%
06321 西村山郡河北町
0%
06322 西村山郡西川町
0%
06323 西村山郡朝日町
0%
06324 西村山郡大江町
0%
06363 最上郡舟形町
0%
06365 最上郡大蔵村
0%
06366 最上郡鮭川村
0%
06367 最上郡戸沢村
0%
06381 東置賜郡高畠町
0%
06382 東置賜郡川西町
0%
06401 西置賜郡小国町
0%
06402 西置賜郡白鷹町
0%
06403 西置賜郡飯豊町
0%
06426 東田川郡三川町
0%
06428 東田川郡庄内町
0%
07301 伊達郡桑折町
0%
07303 伊達郡国見町
0%
07308 伊達郡川俣町
0%
07322 安達郡大玉村
0%
07342 岩瀬郡鏡石町
0%
07344 岩瀬郡天栄村
0%
07364 南会津郡檜枝岐村
0%
07367 南会津郡只見町
0%
07422 河沼郡湯川村
0%
07423 河沼郡柳津町
0%
07444 大沼郡三島町
0%
07445 大沼郡金山町
0%
07446 大沼郡昭和村
0%
07465 西白河郡中島村
0%
07466 西白河郡矢吹町
0%
07481 東白川郡棚倉町
0%
07482 東白川郡矢祭町
0%
07483 東白川郡塙町
0%
07484 東白川郡鮫川村
0%
07502 石川郡玉川村
0%
07503 石川郡平田村
0%
07504 石川郡浅川町
0%
07505 石川郡古殿町
0%
07521 田村郡三春町
0%
07522 田村郡小野町
0%
07541 双葉郡広野町
0%
07544 双葉郡川内村
0%
07545 双葉郡大熊町
0%
07547 双葉郡浪江町
0%
07548 双葉郡葛尾村
0%
07564 相馬郡飯舘村
0%
08216 笠間市
0%
08364 久慈郡大子町
0%
08442 稲敷郡美浦村
0%
08443 稲敷郡阿見町
0%
08447 稲敷郡河内町
0%
08521 結城郡八千代町
0%
08542 猿島郡五霞町
0%
08546 猿島郡境町
0%
08564 北相馬郡利根町
0%
09210 大田原市
0%
09301 河内郡上三川町
0%
09342 芳賀郡益子町
0%
09343 芳賀郡茂木町
0%
09344 芳賀郡市貝町
0%
09345 芳賀郡芳賀町
0%
09361 下都賀郡壬生町
0%
09364 下都賀郡野木町
0%
09384 塩谷郡塩谷町
0%
09386 塩谷郡高根沢町
0%
09407 那須郡那須町
0%
09411 那須郡那珂川町
0%
10344 北群馬郡榛東村
0%
10345 北群馬郡吉岡町
0%
10366 多野郡上野村
0%
10367 多野郡神流町
0%
10382 甘楽郡下仁田町
0%
10383 甘楽郡南牧村
0%
10384 甘楽郡甘楽町
0%
10421 吾妻郡中之条町
0%
10424 吾妻郡長野原町
0%
10425 吾妻郡嬬恋村
0%
10426 吾妻郡草津町
0%
10429 吾妻郡東吾妻町
0%
10449 利根郡みなかみ町
0%
10464 佐波郡玉村町
0%
10521 邑楽郡板倉町
0%
10522 邑楽郡明和町
0%
10523 邑楽郡千代田町
0%
10524 邑楽郡大泉町
0%
10525 邑楽郡邑楽町
0%
11383 児玉郡神川町
0%
11385 児玉郡上里町
0%
11408 大里郡寄居町
0%
12213 東金市
0%
12218 勝浦市
0%
12223 鴨川市
0%
12229 袖ケ浦市
0%
12239 大網白里市
0%
12322 印旛郡酒々井町
0%
12329 印旛郡栄町
0%
12342 香取郡神崎町
0%
12347 香取郡多古町
0%
12349 香取郡東庄町
0%
12403 山武郡九十九里町
0%
12409 山武郡芝山町
0%
12410 山武郡横芝光町
0%
12421 長生郡一宮町
0%
12422 長生郡睦沢町
0%
12423 長生郡長生村
0%
12424 長生郡白子町
0%
12426 長生郡長柄町
0%
12427 長生郡長南町
0%
12441 夷隅郡大多喜町
0%
12443 夷隅郡御宿町
0%
12463 安房郡鋸南町
0%
13303 西多摩郡瑞穂町
0%
13305 西多摩郡日の出町
0%
13308 西多摩郡奥多摩町
0%
14301 三浦郡葉山町
0%
14321 高座郡寒川町
0%
14341 中郡大磯町
0%
14342 中郡二宮町
0%
14401 愛甲郡愛川町
0%
14402 愛甲郡清川村
0%
16321 中新川郡舟橋村
0%
17384 羽咋郡志賀町
0%
17386 羽咋郡宝達志水町
0%
18322 吉田郡永平寺町
0%
18382 今立郡池田町
0%
18404 南条郡南越前町
0%
18423 丹生郡越前町
0%
18442 三方郡美浜町
0%
18481 大飯郡高浜町
0%
18483 大飯郡おおい町
0%
19346 西八代郡市川三郷町
0%
19364 南巨摩郡早川町
0%
19365 南巨摩郡身延町
0%
19366 南巨摩郡南部町
0%
19368 南巨摩郡富士川町
0%
19384 中巨摩郡昭和町
0%
19422 南都留郡道志村
0%
19423 南都留郡西桂町
0%
19424 南都留郡忍野村
0%
19425 南都留郡山中湖村
0%
19429 南都留郡鳴沢村
0%
19430 南都留郡富士河口湖町
0%
19442 北都留郡小菅村
0%
19443 北都留郡丹波山村
0%
20210 駒ヶ根市
0%
20219 東御市
0%
20303 南佐久郡小海町
0%
20304 南佐久郡川上村
0%
20305 南佐久郡南牧村
0%
20306 南佐久郡南相木村
0%
20307 南佐久郡北相木村
0%
20309 南佐久郡佐久穂町
0%
20321 北佐久郡軽井沢町
0%
20323 北佐久郡御代田町
0%
20324 北佐久郡立科町
0%
20349 小県郡青木村
0%
20350 小県郡長和町
0%
20382 上伊那郡辰野町
0%
20386 上伊那郡中川村
0%
20402 下伊那郡松川町
0%
20403 下伊那郡高森町
0%
20407 下伊那郡阿智村
0%
20412 下伊那郡売木村
0%
20413 下伊那郡天龍村
0%
20415 下伊那郡喬木村
0%
20416 下伊那郡豊丘村
0%
20417 下伊那郡大鹿村
0%
20425 木曽郡木祖村
0%
20429 木曽郡王滝村
0%
20430 木曽郡大桑村
0%
20446 東筑摩郡麻績村
0%
20448 東筑摩郡生坂村
0%
20450 東筑摩郡山形村
0%
20451 東筑摩郡朝日村
0%
20452 東筑摩郡筑北村
0%
20481 北安曇郡池田町
0%
20482 北安曇郡松川村
0%
20485 北安曇郡白馬村
0%
20486 北安曇郡小谷村
0%
20521 埴科郡坂城町
0%
20541 上高井郡小布施町
0%
20543 上高井郡高山村
0%
20561 下高井郡山ノ内町
0%
20562 下高井郡木島平村
0%
20563 下高井郡野沢温泉村
0%
20588 上水内郡小川村
0%
20590 上水内郡飯綱町
0%
21218 本巣市
0%
21302 羽島郡岐南町
0%
21303 羽島郡笠松町
0%
21341 養老郡養老町
0%
21381 安八郡神戸町
0%
21382 安八郡輪之内町
0%
21383 安八郡安八町
0%
21401 揖斐郡揖斐川町
0%
21403 揖斐郡大野町
0%
21404 揖斐郡池田町
0%
21421 本巣郡北方町
0%
21501 加茂郡坂祝町
0%
21502 加茂郡富加町
0%
21503 加茂郡川辺町
0%
21504 加茂郡七宗町
0%
21505 加茂郡八百津町
0%
21506 加茂郡白川町
0%
21507 加茂郡東白川村
0%
21521 可児郡御嵩町
0%
21604 大野郡白川村
0%
22216 袋井市
0%
22224 菊川市
0%
22301 賀茂郡東伊豆町
0%
22302 賀茂郡河津町
0%
22304 賀茂郡南伊豆町
0%
22305 賀茂郡松崎町
0%
22306 賀茂郡西伊豆町
0%
22341 駿東郡清水町
0%
22342 駿東郡長泉町
0%
22344 駿東郡小山町
0%
22424 榛原郡吉田町
0%
22429 榛原郡川根本町
0%
22461 周智郡森町
0%
23116 名古屋市天白区
0%
23302 愛知郡東郷町
0%
23342 西春日井郡豊山町
0%
23361 丹羽郡大口町
0%
23362 丹羽郡扶桑町
0%
23424 海部郡大治町
0%
23425 海部郡蟹江町
0%
23427 海部郡飛島村
0%
23441 知多郡阿久比町
0%
23442 知多郡東浦町
0%
23445 知多郡南知多町
0%
23446 知多郡美浜町
0%
23447 知多郡武豊町
0%
23501 額田郡幸田町
0%
24303 桑名郡木曽岬町
0%
24324 員弁郡東員町
0%
24341 三重郡菰野町
0%
24343 三重郡朝日町
0%
24344 三重郡川越町
0%
24441 多気郡多気町
0%
24442 多気郡明和町
0%
24443 多気郡大台町
0%
24461 度会郡玉城町
0%
24470 度会郡度会町
0%
24471 度会郡大紀町
0%
24472 度会郡南伊勢町
0%
24543 北牟婁郡紀北町
0%
24561 南牟婁郡御浜町
0%
24562 南牟婁郡紀宝町
0%
25383 蒲生郡日野町
0%
25384 蒲生郡竜王町
0%
25425 愛知郡愛荘町
0%
26303 乙訓郡大山崎町
0%
26322 久世郡久御山町
0%
26343 綴喜郡井手町
0%
26344 綴喜郡宇治田原町
0%
26364 相楽郡笠置町
0%
26365 相楽郡和束町
0%
26367 相楽郡南山城村
0%
26407 船井郡京丹波町
0%
27301 三島郡島本町
0%
27321 豊能郡豊能町
0%
27322 豊能郡能勢町
0%
27341 泉北郡忠岡町
0%
27361 泉南郡熊取町
0%
27362 泉南郡田尻町
0%
27366 泉南郡岬町
0%
28301 川辺郡猪名川町
0%
28365 多可郡多可町
0%
28381 加古郡稲美町
0%
28382 加古郡播磨町
0%
28442 神崎郡市川町
0%
28443 神崎郡福崎町
0%
28446 神崎郡神河町
0%
28464 揖保郡太子町
0%
28481 赤穂郡上郡町
0%
28501 佐用郡佐用町
0%
28585 美方郡香美町
0%
28586 美方郡新温泉町
0%
30304 海草郡紀美野町
0%
30341 伊都郡かつらぎ町
0%
30343 伊都郡九度山町
0%
30344 伊都郡高野町
0%
30361 有田郡湯浅町
0%
30362 有田郡広川町
0%
30366 有田郡有田川町
0%
30381 日高郡美浜町
0%
30382 日高郡日高町
0%
30383 日高郡由良町
0%
30390 日高郡印南町
0%
30391 日高郡みなべ町
0%
30392 日高郡日高川町
0%
30404 西牟婁郡上富田町
0%
30421 東牟婁郡那智勝浦町
0%
30422 東牟婁郡太地町
0%
30424 東牟婁郡古座川町
0%
31325 八頭郡若桜町
0%
31328 八頭郡智頭町
0%
31329 八頭郡八頭町
0%
31401 日野郡日南町
0%
32386 飯石郡飯南町
0%
32441 邑智郡川本町
0%
32448 邑智郡美郷町
0%
32449 邑智郡邑南町
0%
32525 隠岐郡海士町
0%
32526 隠岐郡西ノ島町
0%
32527 隠岐郡知夫村
0%
32528 隠岐郡隠岐の島町
0%
33204 玉野市
0%
33205 笠岡市
0%
33346 和気郡和気町
0%
33423 都窪郡早島町
0%
33445 浅口郡里庄町
0%
33461 小田郡矢掛町
0%
33606 苫田郡鏡野町
0%
33622 勝田郡勝央町
0%
33623 勝田郡奈義町
0%
33643 英田郡西粟倉村
0%
33663 久米郡久米南町
0%
33666 久米郡美咲町
0%
34302 安芸郡府中町
0%
34304 安芸郡海田町
0%
34307 安芸郡熊野町
0%
34309 安芸郡坂町
0%
34368 山県郡安芸太田町
0%
34431 豊田郡大崎上島町
0%
34462 世羅郡世羅町
0%
34545 神石郡神石高原町
0%
35321 玖珂郡和木町
0%
35341 熊毛郡上関町
0%
35343 熊毛郡田布施町
0%
35344 熊毛郡平生町
0%
36301 勝浦郡勝浦町
0%
36302 勝浦郡上勝町
0%
36341 名西郡石井町
0%
36342 名西郡神山町
0%
36383 海部郡牟岐町
0%
36387 海部郡美波町
0%
36388 海部郡海陽町
0%
36401 板野郡松茂町
0%
36402 板野郡北島町
0%
36403 板野郡藍住町
0%
36404 板野郡板野町
0%
36405 板野郡上板町
0%
37322 小豆郡土庄町
0%
37324 小豆郡小豆島町
0%
37341 木田郡三木町
0%
37364 香川郡直島町
0%
37386 綾歌郡宇多津町
0%
37403 仲多度郡琴平町
0%
37404 仲多度郡多度津町
0%
37406 仲多度郡まんのう町
0%
38215 東温市
0%
38356 越智郡上島町
0%
38386 上浮穴郡久万高原町
0%
38401 伊予郡松前町
0%
38402 伊予郡砥部町
0%
38422 喜多郡内子町
0%
38442 西宇和郡伊方町
0%
38484 北宇和郡松野町
0%
38488 北宇和郡鬼北町
0%
38506 南宇和郡愛南町
0%
39307 安芸郡芸西村
0%
39363 土佐郡土佐町
0%
39364 土佐郡大川村
0%
39386 吾川郡いの町
0%
39387 吾川郡仁淀川町
0%
39401 高岡郡中土佐町
0%
39402 高岡郡佐川町
0%
39403 高岡郡越知町
0%
39405 高岡郡檮原町
0%
39410 高岡郡日高村
0%
39411 高岡郡津野町
0%
39412 高岡郡四万十町
0%
39424 幡多郡大月町
0%
39427 幡多郡三原村
0%
39428 幡多郡黒潮町
0%
40226 宮若市
0%
40227 嘉麻市
0%
40229 みやま市
0%
40344 糟屋郡須恵町
0%
40348 糟屋郡久山町
0%
40401 鞍手郡小竹町
0%
40402 鞍手郡鞍手町
0%
40421 嘉穂郡桂川町
0%
40448 朝倉郡東峰村
0%
40503 三井郡大刀洗町
0%
40522 三潴郡大木町
0%
40601 田川郡香春町
0%
40602 田川郡添田町
0%
40604 田川郡糸田町
0%
40605 田川郡川崎町
0%
40608 田川郡大任町
0%
40609 田川郡赤村
0%
40610 田川郡福智町
0%
40621 京都郡苅田町
0%
40625 京都郡みやこ町
0%
40642 築上郡吉富町
0%
40646 築上郡上毛町
0%
40647 築上郡築上町
0%
41208 小城市
0%
41341 三養基郡基山町
0%
41345 三養基郡上峰町
0%
41387 東松浦郡玄海町
0%
41401 西松浦郡有田町
0%
41423 杵島郡大町町
0%
41424 杵島郡江北町
0%
41425 杵島郡白石町
0%
41441 藤津郡太良町
0%
42307 西彼杵郡長与町
0%
42308 西彼杵郡時津町
0%
42321 東彼杵郡東彼杵町
0%
42322 東彼杵郡川棚町
0%
42323 東彼杵郡波佐見町
0%
42383 北松浦郡小値賀町
0%
42391 北松浦郡佐々町
0%
42411 南松浦郡新上五島町
0%
43348 下益城郡美里町
0%
43364 玉名郡玉東町
0%
43367 玉名郡南関町
0%
43368 玉名郡長洲町
0%
43369 玉名郡和水町
0%
43403 菊池郡大津町
0%
43404 菊池郡菊陽町
0%
43423 阿蘇郡南小国町
0%
43424 阿蘇郡小国町
0%
43425 阿蘇郡産山村
0%
43428 阿蘇郡高森町
0%
43432 阿蘇郡西原村
0%
43433 阿蘇郡南阿蘇村
0%
43441 上益城郡御船町
0%
43442 上益城郡嘉島町
0%
43443 上益城郡益城町
0%
43444 上益城郡甲佐町
0%
43447 上益城郡山都町
0%
43468 八代郡氷川町
0%
43482 葦北郡芦北町
0%
43484 葦北郡津奈木町
0%
43501 球磨郡錦町
0%
43505 球磨郡多良木町
0%
43506 球磨郡湯前町
0%
43507 球磨郡水上村
0%
43510 球磨郡相良村
0%
43511 球磨郡五木村
0%
43512 球磨郡山江村
0%
43513 球磨郡球磨村
0%
43531 天草郡苓北町
0%
44213 由布市
0%
44322 東国東郡姫島村
0%
44341 速見郡日出町
0%
44461 玖珠郡九重町
0%
44462 玖珠郡玖珠町
0%
45341 北諸県郡三股町
0%
45361 西諸県郡高原町
0%
45382 東諸県郡国富町
0%
45383 東諸県郡綾町
0%
45401 児湯郡高鍋町
0%
45402 児湯郡新富町
0%
45403 児湯郡西米良村
0%
45404 児湯郡木城町
0%
45405 児湯郡川南町
0%
45406 児湯郡都農町
0%
45421 東臼杵郡門川町
0%
45429 東臼杵郡諸塚村
0%
45430 東臼杵郡椎葉村
0%
45431 東臼杵郡美郷町
0%
45441 西臼杵郡高千穂町
0%
45442 西臼杵郡日之影町
0%
45443 西臼杵郡五ヶ瀬町
0%
46219 いちき串木野市
0%
46303 鹿児島郡三島村
0%
46304 鹿児島郡十島村
0%
46392 薩摩郡さつま町
0%
46404 出水郡長島町
0%
46452 姶良郡湧水町
0%
46468 曽於郡大崎町
0%
46482 肝属郡東串良町
0%
46490 肝属郡錦江町
0%
46491 肝属郡南大隅町
0%
46492 肝属郡肝付町
0%
46501 熊毛郡中種子町
0%
46502 熊毛郡南種子町
0%
46505 熊毛郡屋久島町
0%
46523 大島郡大和村
0%
46524 大島郡宇検村
0%
46525 大島郡瀬戸内町
0%
46527 大島郡龍郷町
0%
46529 大島郡喜界町
0%
46530 大島郡徳之島町
0%
46531 大島郡天城町
0%
46532 大島郡伊仙町
0%
46533 大島郡和泊町
0%
46534 大島郡知名町
0%
46535 大島郡与論町
0%
47301 国頭郡国頭村
0%
47302 国頭郡大宜味村
0%
47303 国頭郡東村
0%
47306 国頭郡今帰仁村
0%
47308 国頭郡本部町
0%
47311 国頭郡恩納村
0%
47313 国頭郡宜野座村
0%
47314 国頭郡金武町
0%
47315 国頭郡伊江村
0%
47324 中頭郡読谷村
0%
47325 中頭郡嘉手納町
0%
47326 中頭郡北谷町
0%
47327 中頭郡北中城村
0%
47328 中頭郡中城村
0%
47329 中頭郡西原町
0%
47354 島尻郡座間味村
0%
47359 島尻郡伊平屋村
0%
47360 島尻郡伊是名村
0%
47362 島尻郡八重瀬町
0%
47375 宮古郡多良間村
0%
47381 八重山郡竹富町
0%
47382 八重山郡与那国町
0%
No matching quizzes found
Score Distribution
Percent of People with Each Score
Percentile by Number Answered
Your Score History
You have not taken this quiz